书目信息 |
| 题名: |
广告策划
|
|
| 作者: | 任锡源 编著 | |
| 分册: | ||
| 出版信息: | 北京 经济管理出版社 2010 |
|
| 页数: | 255页 | |
| 开本: | 24cm | |
| 丛书名: | 世纪营销实战丛书 | |
| 单 册: | ||
| 中图分类: | F713.81 | |
| 科图分类: | ||
| 主题词: | 广告--策划 , 广告 , 策划 | |
| 电子资源: | ||
| ISBN: | 978-7-5096-0809-8 | |
| 000 | 00873oam2 2200277 45 | |
| 001 | 1050939625 | |
| 005 | 20100415170411.09 | |
| 010 | @a978-7-5096-0809-8@dCNY35.00 | |
| 100 | @a20100111d2010 em y0chiy50 ea | |
| 101 | 0 | @achi |
| 102 | @aCN@b110000 | |
| 105 | @ay z 000yy | |
| 106 | @ar | |
| 200 | 1 | @a广告策划@AGuang Gao Ce Hua@f任锡源编著@FRen Xi Yuan Bian Zhu |
| 210 | @a北京@c经济管理出版社@d2010 | |
| 215 | @a255页@d24cm | |
| 225 | 2 | @a世纪营销实战丛书 |
| 330 | @a本书内容包括广告策划概说、广告调查、广告计划、广告心理、广告创意、广告文案、广告媒体、网络广告、广告预算、广告效果评估、广告策划书、广告管理等。 | |
| 461 | 0 | @12001 @a世纪营销实战丛书 |
| 606 | 0 | @a广告@x策划 |
| 606 | 0 | @a广告 |
| 606 | 0 | @a策划 |
| 690 | @aF713.81@v4 | |
| 701 | 0 | @a任锡源@ARen Xi Yuan@4编著 |
| 801 | 0 | @aCN@bTANGWEI@c20100415 |
| 905 | @b0591957-61@dF713.81@e505@f5 | |
| 广告策划/任锡源编著.-北京:经济管理出版社,2010 |
| 255页;24cm.-(世纪营销实战丛书) |
| ISBN 978-7-5096-0809-8:CNY35.00 |
| 本书内容包括广告策划概说、广告调查、广告计划、广告心理、广告创意、广告文案、广告媒体、网络广告、广告预算、广告效果评估、广告策划书、广告管理等。 |
| ● |
| 相关链接 |
|
|
|
|
正题名:广告策划
索取号:F713.81/505
 
预约/预借
| 序号 | 登录号 | 条形码 | 馆藏地/架位号 | 状态 | 备注 |
| 1 | 0591957 | 205919577 | 第一样本阅览室/ [索取号:F713.81/505] | 在馆 | |
| 2 | 0591958 | 205919586 | 第一借阅区/ [索取号:F713.81/505] | 在馆 | |
| 3 | 0591959 | 205919595 | 第一借阅区/ [索取号:F713.81/505] | 在馆 | |
| 4 | 0591960 | 205919602 | 第一借阅区/ [索取号:F713.81/505] | 在馆 | |
| 5 | 0591961 | 205919611 | 第一借阅区/ [索取号:F713.81/505] | 在馆 |